comp arison of potassium chloride rates on growth and yield of chinese radish (raphanus sativus.l) ការប្រៀបធៀបកម្រិតជីប៉ូតាស្យូមក្លរួទៅលើការលូតលាស់ និងទិន្នផលដំណាំឆៃថាវ (Record no. 18171)
[ view plain ]
| 000 -LEADER | |
|---|---|
| fixed length control field | 00703nam a22001577a 4500 |
| 003 - CONTROL NUMBER IDENTIFIER | |
| control field | OSt |
| 005 - DATE AND TIME OF LATEST TRANSACTION | |
| control field | 20190823093939.0 |
| 008 - FIXED-LENGTH DATA ELEMENTS--GENERAL INFORMATION | |
| fixed length control field | 190823b xxu||||| |||| 00| 0 eng d |
| 040 ## - CATALOGING SOURCE | |
| Transcribing agency | RUA |
| 082 ## - DEWEY DECIMAL CLASSIFICATION NUMBER | |
| Classification number | AGR KOR 2018 B644 Or.1 |
| 100 ## - MAIN ENTRY--PERSONAL NAME | |
| 9 (RLIN) | 13843 |
| Personal name | KORNG CHHENGHAHK កង ឆេងហាក់ |
| 245 ## - TITLE STATEMENT | |
| Title | comp arison of potassium chloride rates on growth and yield of chinese radish (raphanus sativus.l) ការប្រៀបធៀបកម្រិតជីប៉ូតាស្យូមក្លរួទៅលើការលូតលាស់ និងទិន្នផលដំណាំឆៃថាវ |
| 260 ## - PUBLICATION, DISTRIBUTION, ETC. (IMPRINT) | |
| Place of publication, distribution, etc. | phnom penh |
| Name of publisher, distributor, etc. | rua |
| Date of publication, distribution, etc. | 2018 |
| 300 ## - PHYSICAL DESCRIPTION | |
| Extent | xi;32p; |
| Other physical details | ill; |
| Dimensions | 29cm; |
| 942 ## - ADDED ENTRY ELEMENTS (KOHA) | |
| Source of classification or shelving scheme | |
| Koha item type | AGR |
| Price effective from | Date last seen | Permanent Location | Not for loan | Date acquired | Source of classification or shelving scheme | Koha item type | Lost status | Withdrawn status | Date last checked out | Total Checkouts | Shelving location | Damaged status | Barcode | Current Location | Full call number |
|---|---|---|---|---|---|---|---|---|---|---|---|---|---|---|---|
| 2019-08-23 | 2019-08-23 | Library Block B | 2019-08-23 | AGR | B644 | A44320 | Library Block B | AGR KOR 2018 B644 Or.1 | |||||||
| 2019-08-23 | 2023-09-25 | Library Block B | 2019-08-23 | AGR | 2023-09-11 | 2 | B644 | A42477 | Library Block B | AGR KOR 2018 B644 Or.2 | |||||
| 2019-08-23 | 2025-01-10 | Library Block B | 2019-08-23 | AGR | 2024-12-10 | 7 | B644 | A43479 | Library Block B | AGR KOR 2018 B644 Or.3 | |||||
| 2019-08-23 | 2026-02-20 | Library Block B | 2019-08-23 | AGR | 2026-01-20 | 2 | B644 | A42959 | Library Block B | AGR KOR 2018 B644 Or.4 | |||||
| 2019-08-23 | 2024-01-15 | Library Block B | 2019-08-23 | AGR | 2023-12-13 | 4 | B644 | A43854 | Library Block B | AGR KOR 2018 B644 Or.5 | |||||
| 2019-08-23 | 2025-05-19 | Library Block B | 2019-08-23 | AGR | 2025-05-02 | 3 | B644 | A44009 | Library Block B | AGR KOR 2018 B644 Or.6 |